000 00598am a2200241a 44500
003 AR-BaBNM
005 20251128205323.0
008 051020s1995 #AR|||||||||||000 | ing||
020 _a0-19-435608-6
040 _cAR-BaBNM
100 1 _aWhitney, Norman
245 1 0 _aOpen doors
_bstudent's book. 3
260 _aOxford
_bOxford University Press
_c1995
300 _a119 p.
_bil.
650 4 _aINGLES
650 4 _aENSEƑANZA DE IDIOMAS
650 4 _aGRAMATICA
650 4 _aVOCABULARIO
650 4 _aPRONUNCIACION
653 _aEDUCACION GENERAL BASICA
942 _cBK
998 _cmau
999 _c10911
_d10911